| 000 | 00606nam a22002057a 4500 | ||
|---|---|---|---|
| 003 | OSt | ||
| 005 | 20180426184723.0 | ||
| 008 | 141113b xxu||||| |||| 00| 0 eng d | ||
| 020 | _a1901198766 | ||
| 040 | _cDNLM | ||
| 082 | _aW 50 B333p 2002 | ||
| 100 |
_aBaxter, Chloe; Brennan, Mark; Coldicott, Yvette _91969 |
||
| 245 | _aThe Practical Guide to Medical Ethics and Law: for junior lecturers amd medical student | ||
| 260 |
_aEurope; _bPASTEST, _c2002. |
||
| 300 |
_aviii, 216 p. : _c26 cm. |
||
| 504 | _aIncludes index. | ||
| 650 |
_aMedical ethics. _91970 |
||
| 650 |
_aLaws _912632 |
||
| 942 |
_2z _cSLOAN |
||
| 999 |
_c743 _d743 |
||